000 00497nam a22002057a 4500
003 koha_MIRAKIL
005 20231213100209.0
008 231213b |||||||| |||| 00| 0 ||| d
020 _b978-9-94469773-6
040 _aTR-IsEVY
_btur
_cTR-IsEVY
082 _a813.42 IŞI/N
100 _aIşık, Toprak.
245 0 _aNine bizi kurtarsana
250 _a2. bs.
260 _bTudem,
_c2014
300 _a150 s.
650 _aTürk romanı.
650 _aTurkish fiction.
942 _2ddc
_cBK
999 _c16103
_d16103